[Event "Bergisch Gladbach-ch 24th"]
[Site "Bergisch Gladbach"]
[Date "2002.08.30"]
[Round "1"]
[White "Klemp, Uwe"]
[Black "Turlyanski, Konstantin"]
[Result "1/2-1/2"]
[WhiteElo "1663"]
[BlackElo "2009"]
[PlyCount "39"]
[EventDate "2002.08.??"]
[EventType "swiss"]
[EventRounds "7"]
[EventCountry "GER"]
[SourceTitle "EXT 2005"]
[Source "ChessBase"]
[SourceDate "2004.11.15"]
[SourceVersion "1"]
[SourceVersionDate "2004.11.15"]
[SourceQuality "1"]

1. e4 c6 2. d4 d5 3. exd5 cxd5 4. Nf3 Nc6 5. Bb5 Bd7 6. 0-0 e6 7. Re1 Bd6 8. c4 Nge7 9. Nc3 dxc4 10. Bxc4 0-0 11. d5 exd5 12. Nxd5 Nxd5 13. Qxd5 Bb4 14. Bg5 Qc8 15. Rec1 h6 16. Bxh6 gxh6 17. Qh5 Kg7 18. Ne5 Be6 19. Nxc6 bxc6 20. Qe5+ 1/2-1/2

[Event "Bergisch Gladbach-ch op"]
[Site "Bergisch Gladbach"]
[Date "2001.09.28"]
[Round "7"]
[White "Bosbach, Manfred"]
[Black "Turlyanski, Konstantin"]
[Result "0-1"]
[WhiteElo "1887"]
[BlackElo "1976"]
[PlyCount "78"]
[EventDate "2001.08.17"]
[EventType "swiss"]
[EventRounds "7"]
[EventCountry "GER"]
[SourceTitle "EXT 2006"]
[Source "ChessBase"]
[SourceDate "2005.11.24"]
[SourceVersion "1"]
[SourceVersionDate "2005.11.24"]
[SourceQuality "1"]

1. e4 c5 2. Nf3 Nc6 3. c3 d5 4. exd5 Qxd5 5. d4 Bg4 6. Be2 e6 7. c4 Qh5 8. dxc5 Qxc5 9. Qb3 Qb4+ 10. Bd2 Qxb3 11. axb3 Nf6 12. 0-0 Bc5 13. Nc3 Ke7 14. Rfe1 Rhd8 15. Bg5 Bb4 16. h3 Bf5 17. Bd1 Kf8 18. Bxf6 gxf6 19. Rc1 Rd7 20. Bc2 Bg6 21. Bxg6 hxg6 22. Red1 Rad8 23. Rxd7 Rxd7 24. Kf1 Na5 25. Ke2 Nxb3 26. Rc2 a6 27. Na4 Rc7 28. Kd3 Ke7 29. Nb6 Rc6 30. Na4 e5 31. Nc3 Ke6 32. Nd5 Ba5 33. Ne3 Rd6+ 34. Ke2 e4 35. Ne1 Nd4+ 36. Kf1 Nxc2 37. N1xc2 f5 38. b4 Bd8 39. c5 Rd3 0-1

[Event "Bergisch Gladbach-ch op"]
[Site "Bergisch Gladbach"]
[Date "2001.09.21"]
[Round "6"]
[White "Turlyanski, Konstantin"]
[Black "Pick, Stefan"]
[Result "1-0"]
[WhiteElo "1976"]
[BlackElo "2035"]
[PlyCount "77"]
[EventDate "2001.08.17"]
[EventType "swiss"]
[EventRounds "7"]
[EventCountry "GER"]
[SourceTitle "EXT 2006"]
[Source "ChessBase"]
[SourceDate "2005.11.24"]
[SourceVersion "1"]
[SourceVersionDate "2005.11.24"]
[SourceQuality "1"]

1. e4 c5 2. Nf3 Nc6 3. c3 d5 4. exd5 Qxd5 5. d4 Nf6 6. Be3 cxd4 7. Nxd4 a6 8. c4 Qa5+ 9. Nc3 Nxd4 10. Qxd4 e5 11. Qb6 Qxb6 12. Bxb6 Bb4 13. 0-0-0 Bf5 14. Nd5 Nxd5 15. Rxd5 f6 16. Bc5 Bxc5 17. Rxc5 Kd7 18. Be2 Rac8 19. Rxc8 Rxc8 20. Kd2 Be6 21. b3 a5 22. Rd1 Kc7 23. Kc3 b6 24. Bf3 Bd7 25. Rxd7+ Kxd7 26. Bg4+ Kc7 27. Bxc8 Kxc8 28. c5 b5 29. b4 a4 30. g4 g6 31. h4 Kc7 32. Kd3 f5 33. h5 Kc6 34. hxg6 hxg6 35. gxf5 gxf5 36. Ke3 Kd5 37. Kf3 Ke6 38. Kg3 Kf6 39. Kh4 1-0

[Event "Bergisch Gladbach-ch op"]
[Site "Bergisch Gladbach"]
[Date "2001.09.14"]
[Round "5"]
[White "Wieferig, Wolfgang"]
[Black "Turlyanski, Konstantin"]
[Result "1-0"]
[WhiteElo "2232"]
[BlackElo "1976"]
[PlyCount "69"]
[EventDate "2001.08.17"]
[EventType "swiss"]
[EventRounds "7"]
[EventCountry "GER"]
[SourceTitle "EXT 2006"]
[Source "ChessBase"]
[SourceDate "2005.11.24"]
[SourceVersion "1"]
[SourceVersionDate "2005.11.24"]
[SourceQuality "1"]

1. e4 c5 2. Nf3 Nc6 3. d4 cxd4 4. Nxd4 e5 5. Nb5 d6 6. N1c3 Be6 7. Nd5 Bxd5 8. exd5 Nb8 9. c4 a6 10. Nc3 Nd7 11. Be3 f5 12. f3 Ngf6 13. Bd3 g6 14. b4 Be7 15. Rc1 0-0 16. 0-0 Nh5 17. Re1 Bg5 18. Qd2 Bxe3+ 19. Qxe3 Rc8 20. Na4 a5 21. a3 axb4 22. axb4 b6 23. c5 bxc5 24. bxc5 dxc5 25. Ba6 Ra8 26. Bb5 Ra5 27. Bxd7 Qxd7 28. Nb6 Qb7 29. Nc4 Ra4 30. Qxe5 Ng7 31. d6 Qb5 32. Qd5+ Kh8 33. Ne5 Qe8 34. d7 Qa8 35. Nf7+ 1-0